State/Nation Capitals closest to Key West - Statistics

General Stats
  • This quiz has been taken 16 times
  • The average score is 10 of 11
Answer Stats
Distance (Miles) Capitals % Correct
651.81 Atlanta
100%
104.15 Havana
100%
282.75 Nassau
100%
432.29 Tallahassee
100%
753.71 Jackson
92%
555.43 Kingston
92%
603.53 Montgomery
92%
703.91 Baton Rouge
75%
753.61 Port-au-Prince
75%
674.72 Belmopan
67%
651.91 Columbia
67%
No matching quizzes found
Score Distribution
Percent of People with Each Score
Percentile by Number Answered
Your Score History
You have not taken this quiz